|
|
|
|
| LEADER |
00000cam a22000004a 4500 |
| 001 |
musev2_17477 |
| 003 |
MdBmJHUP |
| 005 |
20230905041904.0 |
| 006 |
m o d |
| 007 |
cr||||||||nn|n |
| 008 |
071030s2008 flu o 00 0 eng d |
| 020 |
|
|
|a 9780813045443
|
| 020 |
|
|
|z 0813032180
|
| 020 |
|
|
|z 9780813032184
|
| 035 |
|
|
|a (OCoLC)608832333
|
| 040 |
|
|
|a MdBmJHUP
|c MdBmJHUP
|
| 245 |
0 |
0 |
|a Displacements and Transformations in Caribbean Cultures /
|c edited by Lizabeth Paravisini-Gebert and Ivette Romero-Cesareo.
|
| 264 |
|
1 |
|a Gainesville :
|b University Press of Florida,
|c 2008.
|
| 264 |
|
3 |
|a Baltimore, Md. :
|b Project MUSE,
|c 2013
|
| 264 |
|
4 |
|c ©2008.
|
| 300 |
|
|
|a 1 online resource (264 pages):
|b ill.
|
| 336 |
|
|
|a text
|b txt
|2 rdacontent
|
| 337 |
|
|
|a computer
|b c
|2 rdamedia
|
| 338 |
|
|
|a online resource
|b cr
|2 rdacarrier
|
| 588 |
|
|
|a Description based on print version record.
|
| 651 |
|
7 |
|a Caribbean Area.
|2 fast
|0 (OCoLC)fst01244080
|
| 651 |
|
6 |
|a Caraïbes (Region)
|x Relations.
|
| 651 |
|
0 |
|a Caribbean Area
|x Civilization.
|
| 651 |
|
0 |
|a Caribbean Area
|x Relations.
|
| 650 |
|
7 |
|a International relations.
|2 fast
|0 (OCoLC)fst00977053
|
| 650 |
|
7 |
|a Civilization.
|2 fast
|0 (OCoLC)fst00862898
|
| 655 |
|
7 |
|a Electronic books.
|2 local
|
| 700 |
1 |
|
|a Paravisini-Gebert, Lizabeth.
|
| 700 |
1 |
|
|a Romero-Cesareo, Ivette.
|
| 710 |
2 |
|
|a Project Muse.
|e distributor
|
| 830 |
|
0 |
|a Book collections on Project MUSE.
|
| 856 |
4 |
0 |
|z Texto completo
|u https://projectmuse.uam.elogim.com/book/17477/
|
| 945 |
|
|
|a Project MUSE - Custom Collection
|
| 945 |
|
|
|a Project MUSE - Archive Complete Supplement
|
| 945 |
|
|
|a Project MUSE - Archive History Supplement
|
| 945 |
|
|
|a Project MUSE - Archive Latin American and Caribbean Studies Foundation
|